Gaming Quiz

Random Gaming or Video Games Quiz

Crash Bandicoot Games Quiz Stats

 Plays Quiz Updated Jun 21, 2019

Score 0/17 Timer 05:00
1 Play Today
Year Game % Correct
1996Crash Bandicoot
96.5%
1997Crash Bandicoot 2: Cortex Strikes Back
80.4%
1998Crash Bandicoot 3: Warped
80.1%
1999Crash Team Racing
66.2%
2000Crash Bash
53%
2001Crash Bandicoot: The Wrath of Cortex
46.6%
2004Crash Twinsanity
44.3%
2003Crash Nitro Kart
41%
2005Crash Tag Team Racing
37.4%
Year Game % Correct
2007Crash of the Titans
36%
2017Crash Bandicoot N. Sane Trilogy
34.5%
2008Crash: Mind Over Mutant
32.6%
2019Crash Team Racing Nitro-Fueled
28.8%
2003Crash Bandicoot 2: N-Tranced
22.9%
2006Crash Boom Bang
22.9%
2004Crash Bandicoot Purple: Ripto's Rampage
22.6%
2002Crash Bandicoot: The Huge Adventure
20%

You're not logged in!

Compare scores with friends on all Sporcle quizzes.
OR
Log In

Sporcle TV

Today on Sporcle TV


Watch our educational content, quiz creation guides, and fun videos on Sporcle TV.

Show Comments

Extras

Top Quizzes Today


Score Distribution

Your Account Isn't Verified!

In order to create a playlist on Sporcle, you need to verify the email address you used during registration. Go to your Sporcle Settings to finish the process.

Report this User

Report this user for behavior that violates our Community Guidelines.

Details: